00733cam a2200181 4500008004100000020001500041035001200056100001700068245016100085250001200246260003900258300002100297500011800318650002400436650003900460700002900499700002300528060519s2004 sp 000 0 spa u a8425220157 aa4536791 aHabermas, J.10aHistoria y crítica de la opinión pública :bla transformación estructural de la vida pública /cJ. Habermas; tr. Antonio Doménech, Rafael Grasa. a1a. ed. aBarcelona :bGustavo Gili, c2004. a352 p. ;c20 cm. aTraducción de: Strukturwandel der offentlichkeit untersuchungen zu einer kategorie der burgerlichen gesellschft 4aOpinión pública 4aComunicación xAspectos sociales1 aDoménech, Antonio, tr.1 aGrasa, Rafael, tr.